Random Pictures #4 - Statistics

General Stats
  • This quiz has been taken 37 times
  • The average score is 11 of 16
Answer Stats
Picture Answer % Correct
Wolf
100%
Kim Kardashian
97%
Kiwi
97%
Paris
94%
Christmas
91%
Giraffe
91%
Mosquito
85%
Forrest Gump
73%
John Lennon
70%
Ron Weasley
55%
Jason
45%
Yellowstone
45%
Angel Falls
33%
Guyana
30%
Rutherford B. Hayes
30%
Great Dane
27%
No matching quizzes found
Score Distribution
Percent of People with Each Score
Percentile by Number Answered
Your Score History
You have not taken this quiz